|
|
|
|
| LEADER |
03140nam a22005295i 4500 |
| 001 |
978-88-470-0767-3 |
| 003 |
DE-He213 |
| 005 |
20151121002512.0 |
| 007 |
cr nn 008mamaa |
| 008 |
100301s2008 it | s |||| 0|ita d |
| 020 |
|
|
|a 9788847007673
|9 978-88-470-0767-3
|
| 024 |
7 |
|
|a 10.1007/978-88-470-0767-3
|2 doi
|
| 040 |
|
|
|d GrThAP
|
| 050 |
|
4 |
|a LC8-6691
|
| 072 |
|
7 |
|a JNU
|2 bicssc
|
| 072 |
|
7 |
|a PD
|2 bicssc
|
| 072 |
|
7 |
|a SCI063000
|2 bisacsh
|
| 082 |
0 |
4 |
|a 507.1
|2 23
|
| 100 |
1 |
|
|a Gouthier, Daniele.
|e author.
|
| 245 |
1 |
0 |
|a Il solito Albert e la piccola Dolly
|h [electronic resource] :
|b La scienza dei bambini e dei ragazzi /
|c by Daniele Gouthier, Federica Manzoli.
|
| 264 |
|
1 |
|a Milano :
|b Springer Milan,
|c 2008.
|
| 300 |
|
|
|a X, 172 pagg.
|b online resource.
|
| 336 |
|
|
|a text
|b txt
|2 rdacontent
|
| 337 |
|
|
|a computer
|b c
|2 rdamedia
|
| 338 |
|
|
|a online resource
|b cr
|2 rdacarrier
|
| 347 |
|
|
|a text file
|b PDF
|2 rda
|
| 490 |
1 |
|
|a i blu, pagine di scienza
|
| 505 |
0 |
|
|a Introduzione -- Miti e immagini della scienza moderna -- Lo scienziato è magico. Anzi no -- Lo scienziato e il suo mestiere -- Scienziati in società -- Scienza in famiglia -- La scienza in cattedra: aspettative e paure -- Il museo, i giovani e la scienza.
|
| 520 |
|
|
|a Dopo centinaia d'anni la scienza è uscita dalla torre d'avorio ed è entrata nella società. Oggi non si fa scienza con la sola ricerca di laboratorio ma coinvolgendo diversi attori sociali. Ci sono gli scienziati, ma anche i politici, gli amministratori, gli imprenditori e la gente comune, giovani e adulti. Le loro paure, reali o percepite, possono porre un freno ai suoi sviluppi. La loro fiducia e le loro speranze la alimentano e creano un clima di aspettative che non sempre vengono soddisfatte. Nella grande narrazione della scienza, i primi attori, gli scienziati, sono di volta in volta distruttori e benefattori, santi o mostri, padri del Golem dai piedi d'argilla o di Frankestein che si rivolta e distrugge. Non di rado poi sono tanti Sisifo che ricominciano continuamente la loro impresa – e non è escluso che agli occhi di alcuni condividano con Penelope l'abitudine di disfare di notte ciò che fanno di giorno. L'immagine di chi fa la scienza, scienziati e scienziate, è plasmata dagli atteggiamenti, dalle convinzioni e dalle credenze individuali e collettive che si muovono nella società. Tutto ha inizio dai più giovani: bambini e adolescenti.
|
| 650 |
|
0 |
|a Education.
|
| 650 |
|
0 |
|a Science education.
|
| 650 |
|
0 |
|a Child development.
|
| 650 |
|
0 |
|a Popular works.
|
| 650 |
|
0 |
|a Social sciences.
|
| 650 |
1 |
4 |
|a Education.
|
| 650 |
2 |
4 |
|a Science Education.
|
| 650 |
2 |
4 |
|a Childhood Education.
|
| 650 |
2 |
4 |
|a Popular Science, general.
|
| 650 |
2 |
4 |
|a Social Sciences, general.
|
| 700 |
1 |
|
|a Manzoli, Federica.
|e author.
|
| 710 |
2 |
|
|a SpringerLink (Online service)
|
| 773 |
0 |
|
|t Springer eBooks
|
| 776 |
0 |
8 |
|i Printed edition:
|z 9788847007666
|
| 830 |
|
0 |
|a i blu, pagine di scienza
|
| 856 |
4 |
0 |
|u http://dx.doi.org/10.1007/978-88-470-0767-3
|z Full Text via HEAL-Link
|
| 912 |
|
|
|a ZDB-2-SHU
|
| 950 |
|
|
|a Humanities, Social Sciences and Law (Springer-11648)
|